Human existence:Crisis and Beyond / (Record no. 192303)

MARC details
000 -LEADER
fixed length control field 00601nam a22001817a 4500
010 ## - LCCN (DPL NO)
LC control number ENG-135103
020 ## - INTERNATIONAL STANDARD BOOK NUMBER
Terms of availability 650.00
International Standard Book Number 9789384721824
035 ## - SYSTEM CONTROL NUMBER
System control number EN-118635
037 ## - SOURCE OF ACQUISITION
Source of stock number/acquisition DBAD / PUB
082 ## - DEWEY DECIMAL CLASSIFICATION NUMBER
Classification number 100
100 ## - MAIN ENTRY--PERSONAL NAME
Personal name Bhattacharya,Susmita
245 ## - TITLE STATEMENT
Title Human existence:Crisis and Beyond /
Statement of responsibility, etc by Susmita Bhattacharya
Remainder of title visions of sri Aurobindo and Soren Kierkegaard
260 ## - PUBLICATION, DISTRIBUTION, ETC. (IMPRINT)
Place of publication, distribution, etc Kolkata
Name of publisher, distributor, etc Maha Bodhi Book Agency
Date of publication, distribution, etc 2022
270 ## - ADDRESS
Address 4A,Bankim Chatterjee Street College Square,
City Kolkata
Postal code 700073
300 ## - PHYSICAL DESCRIPTION
Extent 324p.
Dimensions 22cm(Hb)
650 ## - SUBJECT ADDED ENTRY--TOPICAL TERM
Topical term or geographic name as entry element Sikhism
942 ## - ADDED ENTRY ELEMENTS (KOHA)
Source of classification or shelving scheme Dewey Decimal Classification
Item type English Books
Call number suffix BHA
Classification part 100
Holdings
Withdrawn status Lost status Not for loan Collection code Home library Current library Date acquired Source of acquisition Cost, normal purchase price Full call number Barcode Copy number Cost, replacement price Koha item type
      Non-fiction Bawana Bawana 16/09/2022 DBAD/PUB 650.00 100 BHA EN-118635 1 650.00 English Books

© Delhi Public Library
Hit Counter
free hit counter